Marshall Islands First Level Subdivisions - Statistics

General Stats
  • This quiz has been taken 579 times
  • The average score is 9 of 24
Answer Stats
Municipalities % Correct
Majuro
75%
Kili/Bikini/Ejit
62%
Ailinglaplap
53%
Lae
45%
Lib Island
45%
Aur
40%
Ailuk
39%
Arno
39%
Ebon
36%
Enewetok/Ujelang
36%
Wotje
36%
Mili
35%
Wotho
35%
Kwajalein
31%
Jabat
30%
Namu
30%
Rongelap
30%
Ujae
30%
Jaluit
29%
Likiep
29%
Namorik
29%
Maloelap
27%
Mejit
27%
Utirik
25%
No matching quizzes found
Score Distribution
Percent of People with Each Score
Percentile by Number Answered
Your Score History
You have not taken this quiz